Issues in banking and monetary analysis /

Bibliographic Details
Corporate Author: Columbia University. Graduate School of Business
Other Authors: Pontecorvo, Giulio, 1923-, Shay, Robert P. (Robert Paul), Hart, Albert Gailord, 1909-1997
Format: Book
Language:English
Published: New York : Holt, Rinehart and Winston, [1967]
Subjects:

MARC

Tag First Indicator Second Indicator Subfields
LEADER 00000cam a22000001 4500
001 in00000065088
005 20151008051220.0
008 740608s1967 nyua 10000 eng
010 |a  67018878  
035 |a (OCoLC)00249014 
035 |9 AAG6506AM 
040 |a DLC  |c DLC  |d TXA  |d UtOrBLW 
049 |a TXAM  |c [475823] 
050 0 0 |a HG1591  |b .I8 
082 0 |a 332/.08 
092 |a 332  |b I86 
245 0 0 |a Issues in banking and monetary analysis /  |c edited by Giulio Pontecorvo, Robert P. Shay [and] Albert G. Hart. 
264 1 |a New York :  |b Holt, Rinehart and Winston,  |c [1967] 
300 |a ix, 236 pages :  |b illustrations ;  |c 24 cm. 
336 |a text  |b txt  |2 rdacontent 
337 |a unmediated  |b n  |2 rdamedia 
338 |a volume  |b nc  |2 rdacarrier 
500 |a Papers first presented at a seminar sponsored by the Graduate School of Business, Columbia University, in 1965. Includes commentaries solicited from other scholars throughout the United States. 
650 0 |a Banks and banking. 
650 0 |a Money. 
700 1 |a Pontecorvo, Giulio,  |d 1923- 
700 1 |a Shay, Robert P.  |q (Robert Paul) 
700 1 |a Hart, Albert Gailord,  |d 1909-1997. 
710 2 |a Columbia University.  |b Graduate School of Business. 
999 |a MARS 
999 f f |s 3d667be3-0453-39dc-ba95-27516ac7ed45  |i 5b635d70-4cb1-31c7-a5dd-f7fd6d4c76a6  |t 0 
952 f f |p ric  |a Texas A&M University  |b Rellis Campus  |c Joint Library Facility  |d Remote Storage  |t 0  |e HG1591 .I8  |h Library of Congress classification  |i unmediated -- volume  |m A14800726360 
998 f f |a HG1591 .I8  |t 0  |l Remote Storage